[Event "XXII. DBMM Schach"]
[Site "Dresden"]
[Date "2024.01.20"]
[Round "5.1"]
[Board "1"]
[White "Ogrodnik, Emil"]
[Black "Scholz, Philipp"]
[Result "1/2-1/2"]
[WhiteElo "1500"]
[BlackElo "1969"]
[Annotator "fb"]
[PlyCount "112"]
[GameId "489223828035"]
[EventDate "2024.01.18"]
[EventType "team-swiss"]
[EventRounds "7"]
[EventCountry "GER"]
[Tiebreak "Buchholz"]
[SourceTitle "XXII. DBMM Schach"]
[Source "FV Schach e.V."]
[SourceDate "2024.01.21"]
[SourceVersion "1"]
[SourceVersionDate "2024.01.21"]
[SourceQuality "1"]
[WhiteTeam "d-fine Frankfurt III"]
[BlackTeam "BSG Commerzbank Frankfurt II"]
[WhiteTeamCountry "GER"]
[BlackTeamCountry "GER"]

1. e4 e6 2. d4 d5 3. e5 c5 4. c3 Bd7 5. Be3 Qb6 6. Qc2 Bb5 7. Bxb5+ Qxb5 8. Nf3 Nd7 9. Na3 Qa6 10. Qe2 Qxe2+ 11. Kxe2 cxd4 12. Bxd4 Bxa3 13. bxa3 Ne7 14. Rhc1 Nc6 15. Kd3 Na5 16. Nd2 O-O 17. c4 dxc4+ 18. Nxc4 Nxc4 19. Rxc4 Rfd8 20. Ke4 b5 21. Rc7 Nb6 22. Rb1 Rd5 23. Bxb6 axb6 24. Rbc1 Ra4+ 25. Ke3 Rxa3+ 26. R1c3 Rxe5+ 27. Kf3 Rxc3+ 28. Rxc3 g5 29. Rc8+ Kg7 30. Rb8 h5 31. g3 Kg6 32. Rxb6 Kf5 33. Rb8 g4+ 34. Kg2 Ke4 35. a4 bxa4 36. Ra8 Rd5 37. Rxa4+ Rd4 38. Ra7 f6 39. Rf7 Kf5 40. Rh7 Kg6 41. Rh8 Rd1 42. Rg8+ Kh7 43. Rc8 Re1 44. Rc7+ Kg6 45. Rc8 e5 46. Rg8+ Kh7 47. Rf8 Kg7 48. Rc8 f5 49. Rc6 h4 50. gxh4 f4 51. h5 f3+ 52. Kg3 Rg1+ 53. Kh4 Rg2 54. Rg6+ Kh7 55. Rxg4 Rxf2 56. Kg3 Rg2+ 1/2-1/2

[Event "XXII. DBMM Schach"]
[Site "Dresden"]
[Date "2024.01.20"]
[Round "5.2"]
[Board "2"]
[White "Brauer, Frank"]
[Black "Harden, Markus"]
[Result "1-0"]
[WhiteElo "1776"]
[BlackElo "1500"]
[Annotator "fb"]
[PlyCount "67"]
[GameId "489223828036"]
[EventDate "2024.01.18"]
[EventType "team-swiss"]
[EventRounds "7"]
[EventCountry "GER"]
[Tiebreak "Buchholz"]
[SourceTitle "XXII. DBMM Schach"]
[Source "FV Schach e.V."]
[SourceDate "2024.01.21"]
[SourceVersion "1"]
[SourceVersionDate "2024.01.21"]
[SourceQuality "1"]
[WhiteTeam "BSG Commerzbank Frankfurt II"]
[BlackTeam "d-fine Frankfurt III"]
[WhiteTeamCountry "GER"]
[BlackTeamCountry "GER"]

1. e4 c5 2. c3 e5 3. Nf3 Nc6 4. d4 cxd4 5. cxd4 exd4 6. Nxd4 d6 7. Nc3 g6 8. Bc4 Bg7 9. Ndb5 Be5 10. f4 Bxc3+ 11. Nxc3 a6 12. Be3 Be6 13. Nd5 b5 14. Bb3 Rb8 15. Rc1 Bxd5 16. Qxd5 Qd7 17. Qxc6 Qxc6 18. Rxc6 Ne7 19. Rxa6 Nc8 20. O-O O-O 21. f5 Rb7 22. Bd5 Rc7 23. Rc1 Re7 24. Bh6 Rfe8 25. Bg5 gxf5 26. Bxe7 Nxe7 27. Ra8 Rxa8 28. Bxa8 fxe4 29. Bxe4 f5 30. Bf3 Kf7 31. Rc7 Ke6 32. Rb7 f4 33. Rxb5 Kf6 34. a4 1-0

[Event "XXII. DBMM Schach"]
[Site "Dresden"]
[Date "2024.01.20"]
[Round "5.3"]
[Board "3"]
[White "Breitsamter, Lorenz"]
[Black "Huebner, Detlef"]
[Result "0-1"]
[WhiteElo "1500"]
[BlackElo "1551"]
[Annotator "br"]
[PlyCount "78"]
[GameId "489223828037"]
[EventDate "2024.01.18"]
[EventType "team-swiss"]
[EventRounds "7"]
[EventCountry "GER"]
[Tiebreak "Buchholz"]
[SourceTitle "XXII. DBMM Schach"]
[Source "FV Schach e.V."]
[SourceDate "2024.01.21"]
[SourceVersion "1"]
[SourceVersionDate "2024.01.21"]
[SourceQuality "1"]
[WhiteTeam "d-fine Frankfurt III"]
[BlackTeam "BSG Commerzbank Frankfurt II"]
[WhiteTeamCountry "GER"]
[BlackTeamCountry "GER"]

1. d4 Nf6 2. c4 g6 3. Nc3 d5 4. Bf4 c6 5. Nf3 Bg7 6. e3 O-O 7. b4 dxc4 8. Bxc4 Nd5 9. Nxd5 cxd5 10. Bb3 Nc6 11. Qd2 Bf5 12. O-O Rc8 13. Rac1 a6 14. a3 e6 15. Bc2 Bxc2 16. Rxc2 Qd7 17. Rfc1 f6 18. Bg3 Ne7 19. Rc7 Qd8 20. Rxc8 Nxc8 21. Qa2 Nd6 22. Nd2 Qd7 23. Qb1 Nb5 24. Qb2 Rc8 25. Nb3 Rxc1+ 26. Qxc1 Bf8 27. a4 Na7 28. Nc5 Bxc5 29. dxc5 Qxa4 30. Qb1 Nc6 31. h3 Qxb4 32. Qa1 Kf7 33. f4 Qxc5 34. Kf2 a5 35. Bh4 e5 36. fxe5 Nxe5 37. Qb1 b5 38. g4 Qc4 39. Qe1 Nd3+ 0-1

[Event "XXII. DBMM Schach"]
[Site "Dresden"]
[Date "2024.01.20"]
[Round "5.4"]
[Board "4"]
[White "Knobloch, Sarah Astrid"]
[Black "Biederbeck, Noah"]
[Result "1-0"]
[WhiteElo "1200"]
[BlackElo "1000"]
[Annotator "br"]
[PlyCount "101"]
[GameId "489223828038"]
[EventDate "2024.01.18"]
[EventType "team-swiss"]
[EventRounds "7"]
[EventCountry "GER"]
[Tiebreak "Buchholz"]
[SourceTitle "XXII. DBMM Schach"]
[Source "FV Schach e.V."]
[SourceDate "2024.01.21"]
[SourceVersion "1"]
[SourceVersionDate "2024.01.21"]
[SourceQuality "1"]
[WhiteTeam "BSG Commerzbank Frankfurt II"]
[BlackTeam "d-fine Frankfurt III"]
[WhiteTeamCountry "GER"]
[BlackTeamCountry "GER"]

1. d4 Nf6 2. Bf4 g6 3. Nf3 Bg7 4. e3 O-O 5. Bd3 d5 6. Nbd2 Bg4 7. c3 Nbd7 8. Qc2 e6 9. O-O-O Nh5 10. Bg3 f5 11. Bh4 Nhf6 12. Rdg1 Bh6 13. h3 Bxf3 14. Nxf3 Rc8 15. Kb1 c5 16. g4 Bg7 17. gxf5 exf5 18. Ne5 Qe8 19. f4 Ne4 20. Bxe4 dxe4 21. Qb3+ Kh8 22. Bg5 Nxe5 23. fxe5 c4 24. Qxb7 Rf7 25. Qd5 Rd7 26. Qb5 Qe6 27. Bf4 a6 28. Qa4 Rb8 29. Rg2 Rdb7 30. Qc2 Bf8 31. Rhh2 Rxb2+ 32. Qxb2 Rxb2+ 33. Rxb2 Ba3 34. Rb8+ Kg7 35. Rb7+ Be7 36. Bg5 Kf8 37. Bxe7+ Ke8 38. Rhb2 Qc6 39. R2b6 Qxb6+ 40. Rxb6 Kxe7 41. Rb7+ Ke6 42. Rxh7 f4 43. exf4 e3 44. Kc2 Kf5 45. Kd1 Ke4 46. e6 Kd3 47. e7 Kxc3 48. e8=Q Kd3 49. d5 c3 50. d6 c2+ 51. Kc1 1-0

[Event "XXII. DBMM Schach"]
[Site "Dresden"]
[Date "2024.01.20"]
[Round "6.1"]
[Board "1"]
[White "Zahn, Fabian"]
[Black "Meinhardt, Maximilian"]
[Result "0-1"]
[WhiteElo "1983"]
[BlackElo "2366"]
[Annotator "br"]
[PlyCount "64"]
[GameId "489223830975"]
[EventDate "2024.01.18"]
[EventType "team-swiss"]
[EventRounds "7"]
[EventCountry "GER"]
[Tiebreak "Buchholz"]
[SourceTitle "XXII. DBMM Schach"]
[Source "FV Schach e.V."]
[SourceDate "2024.01.21"]
[SourceVersion "1"]
[SourceVersionDate "2024.01.21"]
[SourceQuality "1"]
[WhiteTeam "Siemens Energy Duisburg"]
[BlackTeam "d-fine Frankfurt"]
[WhiteTeamCountry "GER"]
[BlackTeamCountry "GER"]

1. d4 e6 2. Nf3 c5 3. e3 Nf6 4. c4 d5 5. cxd5 exd5 6. Nc3 Nc6 7. a3 Bg4 8. Be2 Rc8 9. O-O Be7 10. Ne5 Bxe2 11. Qxe2 O-O 12. Rd1 Re8 13. Qf3 c4 14. Bd2 Bf8 15. Nxc6 Rxc6 16. Ne2 Ne4 17. Be1 Rf6 18. Qg4 Rg6 19. Qf3 Rf6 20. Qg4 Bd6 21. Ng3 Rg6 22. Qe2 Bxg3 23. hxg3 Qg5 24. Rac1 Nf6 25. Bd2 Re4 26. f3 Qxg3 27. fxe4 Ng4 28. Qf3 Qh2+ 29. Kf1 Rf6 30. Qxf6 Qh1+ 31. Ke2 Qxg2+ 32. Ke1 gxf6 0-1

[Event "XXII. DBMM Schach"]
[Site "Dresden"]
[Date "2024.01.20"]
[Round "6.2"]
[Board "2"]
[White "Hellwig, Tobias"]
[Black "Muranyi, Erich"]
[Result "1-0"]
[WhiteElo "2180"]
[BlackElo "1986"]
[Annotator "br"]
[PlyCount "55"]
[GameId "489223830990"]
[EventDate "2024.01.18"]
[EventType "team-swiss"]
[EventRounds "7"]
[EventCountry "GER"]
[Tiebreak "Buchholz"]
[SourceTitle "XXII. DBMM Schach"]
[Source "FV Schach e.V."]
[SourceDate "2024.01.21"]
[SourceVersion "1"]
[SourceVersionDate "2024.01.21"]
[SourceQuality "1"]
[WhiteTeam "d-fine Frankfurt"]
[BlackTeam "Siemens Energy Duisburg"]
[WhiteTeamCountry "GER"]
[BlackTeamCountry "GER"]

1. d4 d5 2. c4 dxc4 3. Nc3 a6 4. e3 b5 5. a4 b4 6. Na2 e6 7. Bxc4 Bb7 8. Nf3 a5 9. Qc2 Nf6 10. Bd3 Na6 11. Bb5+ Nd7 12. e4 Bd6 13. Bg5 Qc8 14. O-O c6 15. Bd3 h6 16. Be3 O-O 17. Qd2 e5 18. Bxh6 gxh6 19. Qxh6 Be7 20. Ng5 Bxg5 21. Qxg5+ Kh7 22. f4 Rg8 23. Qh5+ Kg7 24. fxe5 Qe8 25. Bc4 f6 26. Qg4+ Kh7 27. Qh4+ Kg7 28. Rf3 1-0

[Event "XXII. DBMM Schach"]
[Site "Dresden"]
[Date "2024.01.20"]
[Round "6.3"]
[Board "3"]
[White "Bauland, Thomas"]
[Black "Sundorf, Jannik"]
[Result "1/2-1/2"]
[WhiteElo "1892"]
[BlackElo "2179"]
[Annotator "br"]
[PlyCount "39"]
[GameId "489223830991"]
[EventDate "2024.01.18"]
[EventType "team-swiss"]
[EventRounds "7"]
[EventCountry "GER"]
[Tiebreak "Buchholz"]
[SourceTitle "XXII. DBMM Schach"]
[Source "FV Schach e.V."]
[SourceDate "2024.01.21"]
[SourceVersion "1"]
[SourceVersionDate "2024.01.21"]
[SourceQuality "1"]
[WhiteTeam "Siemens Energy Duisburg"]
[BlackTeam "d-fine Frankfurt"]
[WhiteTeamCountry "GER"]
[BlackTeamCountry "GER"]

1. Nc3 c5 2. g3 Nc6 3. Bg2 g6 4. e3 Bg7 5. Nf3 d5 6. d3 Nf6 7. O-O O-O 8. Ne2 e5 9. a3 Re8 10. Rb1 a5 11. b3 h6 12. Bb2 Qc7 13. Nd2 Bf5 14. Nc3 Be6 15. e4 Rad8 16. exd5 Nxd5 17. Nb5 Qe7 18. Re1 Nd4 19. Nxd4 exd4 20. Nc4 1/2-1/2

[Event "XXII. DBMM Schach"]
[Site "Dresden"]
[Date "2024.01.20"]
[Round "6.4"]
[Board "4"]
[White "Yalcin, Alparslan"]
[Black "Feldhoff, Markus"]
[Result "1-0"]
[WhiteElo "2136"]
[BlackElo "1874"]
[Annotator "br"]
[PlyCount "27"]
[GameId "489223830992"]
[EventDate "2024.01.18"]
[EventType "team-swiss"]
[EventRounds "7"]
[EventCountry "GER"]
[Tiebreak "Buchholz"]
[SourceTitle "XXII. DBMM Schach"]
[Source "FV Schach e.V."]
[SourceDate "2024.01.21"]
[SourceVersion "1"]
[SourceVersionDate "2024.01.21"]
[SourceQuality "1"]
[WhiteTeam "d-fine Frankfurt"]
[BlackTeam "Siemens Energy Duisburg"]
[WhiteTeamCountry "GER"]
[BlackTeamCountry "GER"]

1. e4 d6 2. d4 c6 3. Nc3 Qc7 4. f4 e5 5. Nf3 Bg4 6. Be3 Nd7 7. h3 Bxf3 8. Qxf3 Ngf6 9. g4 g6 10. O-O-O Bg7 11. dxe5 dxe5 12. f5 Rc8 13. Bxa7 b6 14. Ba6 1-0

[Event "XXII. DBMM Schach"]
[Site "Dresden"]
[Date "2024.01.20"]
[Round "6.1"]
[Board "1"]
[White "Schulz, Michael"]
[Black "Thiede, Lars"]
[Result "0-1"]
[WhiteElo "2172"]
[BlackElo "2420"]
[Annotator "br"]
[PlyCount "38"]
[GameId "489223830993"]
[EventDate "2024.01.18"]
[EventType "team-swiss"]
[EventRounds "7"]
[EventCountry "GER"]
[Tiebreak "Buchholz"]
[SourceTitle "XXII. DBMM Schach"]
[Source "FV Schach e.V."]
[SourceDate "2024.01.21"]
[SourceVersion "1"]
[SourceVersionDate "2024.01.21"]
[SourceQuality "1"]
[WhiteTeam "SV Osram Berlin"]
[BlackTeam "BA Tempelhof Berlin"]
[WhiteTeamCountry "GER"]
[BlackTeamCountry "GER"]

1. d4 d6 2. e4 Nf6 3. Nc3 e5 4. Nf3 exd4 5. Nxd4 Be7 6. Be2 O-O 7. O-O Re8 8. Bg5 Nxe4 9. Bxe7 Rxe7 10. Nxe4 Rxe4 11. c3 Re8 12. f4 Nd7 13. Bd3 Nf6 14. Qf3 c5 15. Nf5 d5 16. Rae1 Ne4 17. Rxe4 dxe4 18. Bxe4 Bxf5 19. Bxf5 Qe7 0-1

[Event "XXII. DBMM Schach"]
[Site "Dresden"]
[Date "2024.01.20"]
[Round "6.2"]
[Board "2"]
[White "Kalinitschew, Sergej"]
[Black "Eisermann, Daniel"]
[Result "1-0"]
[WhiteElo "2391"]
[BlackElo "2014"]
[Annotator "br"]
[PlyCount "53"]
[GameId "489223830994"]
[EventDate "2024.01.18"]
[EventType "team-swiss"]
[EventRounds "7"]
[EventCountry "GER"]
[Tiebreak "Buchholz"]
[SourceTitle "XXII. DBMM Schach"]
[Source "FV Schach e.V."]
[SourceDate "2024.01.21"]
[SourceVersion "1"]
[SourceVersionDate "2024.01.21"]
[SourceQuality "1"]
[WhiteTeam "BA Tempelhof Berlin"]
[BlackTeam "SV Osram Berlin"]
[WhiteTeamCountry "GER"]
[BlackTeamCountry "GER"]

1. Nf3 d5 2. g3 g6 3. Bg2 Bg7 4. d4 Nf6 5. c4 c6 6. cxd5 cxd5 7. O-O O-O 8. Ne5 b6 9. Nc3 Bb7 10. Bf4 e6 11. Rc1 a6 12. Qb3 Nh5 13. Be3 Nc6 14. Na4 Nxe5 15. dxe5 Bxe5 16. Bxb6 Qf6 17. Nc5 Bc6 18. Ne4 dxe4 19. Rxc6 Rab8 20. Qa4 Bxb2 21. Bxe4 Ng7 22. Qxa6 Bd4 23. Bc7 Rb2 24. Bd6 Re8 25. Rc8 Be5 26. Bc6 Bxd6 27. Bxe8 1-0

[Event "XXII. DBMM Schach"]
[Site "Dresden"]
[Date "2024.01.20"]
[Round "6.3"]
[Board "3"]
[White "Lanzendoerfer, Johannes"]
[Black "Mueller, Mark"]
[Result "1/2-1/2"]
[WhiteElo "2207"]
[BlackElo "2059"]
[Annotator "br"]
[PlyCount "111"]
[GameId "489223830995"]
[EventDate "2024.01.18"]
[EventType "team-swiss"]
[EventRounds "7"]
[EventCountry "GER"]
[Tiebreak "Buchholz"]
[SourceTitle "XXII. DBMM Schach"]
[Source "FV Schach e.V."]
[SourceDate "2024.01.21"]
[SourceVersion "1"]
[SourceVersionDate "2024.01.21"]
[SourceQuality "1"]
[WhiteTeam "SV Osram Berlin"]
[BlackTeam "BA Tempelhof Berlin"]
[WhiteTeamCountry "GER"]
[BlackTeamCountry "GER"]

1. e4 c6 2. d3 d5 3. Nd2 e5 4. Ngf3 Nd7 5. g3 Bd6 6. Bg2 Ngf6 7. O-O O-O 8. Re1 Re8 9. Nh4 g6 10. h3 a5 11. a4 Nc5 12. b3 dxe4 13. dxe4 Ne6 14. Bb2 b5 15. Nhf3 Nc5 16. Bf1 Qb6 17. Bc3 Bc7 18. Qe2 Bd7 19. Qe3 Kg7 20. axb5 cxb5 21. b4 axb4 22. Rxa8 bxc3 23. Nb3 Rxa8 24. Nxc5 b4 25. Bc4 Bxh3 26. Ng5 Bc8 27. Nd3 Qxe3 28. Rxe3 Ng4 29. Re2 Ba6 30. Bxa6 Rxa6 31. Nxb4 Ra1+ 32. Kg2 Bb6 33. Nd5 Bd4 34. Nf3 Rd1 35. Nb4 f6 36. Nd3 Kf7 37. Re1 Rxe1 38. Nfxe1 f5 39. exf5 e4 40. fxg6+ hxg6 41. Nf4 Bxf2 42. Nf3 exf3+ 43. Kxf3 Bxg3 44. Kxg3 Ne3 45. Kf2 Nxc2 46. Nd5 Ke6 47. Nxc3 Kf5 48. Ne2 Kg4 49. Ng3 Ne3 50. Ne4 Kf4 51. Ng3 g5 52. Nh5+ Kg4 53. Nf6+ Kf5 54. Nh7 Kg6 55. Nxg5 Kxg5 56. Kxe3 1/2-1/2

[Event "XXII. DBMM Schach"]
[Site "Dresden"]
[Date "2024.01.20"]
[Round "6.4"]
[Board "4"]
[White "Kettenburg, Stefan"]
[Black "Gebert Vangeel, Ralf"]
[Result "1-0"]
[WhiteElo "2050"]
[BlackElo "2007"]
[Annotator "br"]
[PlyCount "67"]
[GameId "489223830996"]
[EventDate "2024.01.18"]
[EventType "team-swiss"]
[EventRounds "7"]
[EventCountry "GER"]
[Tiebreak "Buchholz"]
[SourceTitle "XXII. DBMM Schach"]
[Source "FV Schach e.V."]
[SourceDate "2024.01.21"]
[SourceVersion "1"]
[SourceVersionDate "2024.01.21"]
[SourceQuality "1"]
[WhiteTeam "BA Tempelhof Berlin"]
[BlackTeam "SV Osram Berlin"]
[WhiteTeamCountry "GER"]
[BlackTeamCountry "GER"]

1. d4 d5 2. Nf3 Nf6 3. c4 e6 4. cxd5 exd5 5. Nc3 Bf5 6. Bg5 Nc6 7. Bxf6 gxf6 8. Qb3 Bb4 9. a3 Bxc3+ 10. Qxc3 Qd6 11. Rc1 Rg8 12. g3 Be4 13. Bg2 O-O-O 14. Nh4 Qe6 15. b4 Rd7 16. e3 Bxg2 17. Nxg2 Kb8 18. Nf4 Qe4 19. O-O Ne7 20. Qd3 Qxd3 21. Nxd3 b6 22. b5 h5 23. Nb4 Nf5 24. Rc6 h4 25. Rxf6 Nd6 26. a4 Ne4 27. Rh6 hxg3 28. hxg3 Nc3 29. Ra1 f5 30. Ra3 Nb1 31. Ra1 Nc3 32. Ra3 Nb1 33. Rd3 Kb7 34. Kg2 1-0

[Event "XXII. DBMM Schach"]
[Site "Dresden"]
[Date "2024.01.20"]
[Round "6.1"]
[Board "1"]
[White "Hoffmann, Hendrik"]
[Black "Damm, Nils"]
[Result "1-0"]
[WhiteElo "2271"]
[BlackElo "1967"]
[Annotator "br"]
[PlyCount "93"]
[GameId "489223830997"]
[EventDate "2024.01.18"]
[EventType "team-swiss"]
[EventRounds "7"]
[EventCountry "GER"]
[Tiebreak "Buchholz"]
[SourceTitle "XXII. DBMM Schach"]
[Source "FV Schach e.V."]
[SourceDate "2024.01.21"]
[SourceVersion "1"]
[SourceVersionDate "2024.01.21"]
[SourceQuality "1"]
[WhiteTeam "le-tex Leipzig"]
[BlackTeam "DZ Bank Frankfurt"]
[WhiteTeamCountry "GER"]
[BlackTeamCountry "GER"]

1. e4 d5 2. exd5 Qxd5 3. Nc3 Qd6 4. d4 Nf6 5. Nf3 c6 6. Ne5 Nbd7 7. Nc4 Qc7 8. Qf3 Nb6 9. Bf4 Qd8 10. Ne5 Be6 11. Be2 g6 12. O-O Bg7 13. Rad1 O-O 14. Rfe1 Nbd5 15. Bc1 Qa5 16. Nc4 Qc7 17. h3 Rad8 18. a3 Rfe8 19. Ne5 Bf5 20. Nxd5 Nxd5 21. c4 Nf6 22. Bd3 Be6 23. Bf1 Qb6 24. Qe3 Nd7 25. Nf3 h6 26. Bd3 Nf8 27. Qf4 Bxd4 28. Nxd4 Qxd4 29. Qxh6 Qg7 30. Qg5 Nh7 31. Qa5 Ra8 32. Bf4 Qxb2 33. Bxg6 fxg6 34. Rxe6 Kf7 35. Rde1 Nf8 36. R6e4 Qf6 37. Bg5 b6 38. Qd2 Qd6 39. Rxe7+ Rxe7 40. Rxe7+ Qxe7 41. Qf4+ Ke8 42. Bxe7 Kxe7 43. Qc7+ Nd7 44. Qxc6 Rg8 45. f4 Rf8 46. Qe4+ Kd8 47. g3 1-0

[Event "XXII. DBMM Schach"]
[Site "Dresden"]
[Date "2024.01.20"]
[Round "6.2"]
[Board "2"]
[White "Garbe, Maximilian"]
[Black "Rohne, Lars"]
[Result "1-0"]
[WhiteElo "1920"]
[BlackElo "2121"]
[Annotator "br"]
[PlyCount "57"]
[GameId "489223830998"]
[EventDate "2024.01.18"]
[EventType "team-swiss"]
[EventRounds "7"]
[EventCountry "GER"]
[Tiebreak "Buchholz"]
[SourceTitle "XXII. DBMM Schach"]
[Source "FV Schach e.V."]
[SourceDate "2024.01.21"]
[SourceVersion "1"]
[SourceVersionDate "2024.01.21"]
[SourceQuality "1"]
[WhiteTeam "DZ Bank Frankfurt"]
[BlackTeam "le-tex Leipzig"]
[WhiteTeamCountry "GER"]
[BlackTeamCountry "GER"]

1. e4 c5 2. Nf3 e6 3. Nc3 Nc6 4. Bb5 Nge7 5. O-O a6 6. Be2 g6 7. d3 Bg7 8. Be3 b6 9. Bg5 h6 10. Bh4 d6 11. Qd2 g5 12. Bg3 Ng6 13. Ne1 h5 14. h3 h4 15. Bh2 e5 16. Nd5 Bh6 17. Bg4 Be6 18. Ne3 Nf4 19. c3 Qd7 20. N1c2 Bg7 21. Nf5 Bf6 22. Nce3 Ne7 23. Rfd1 Bxf5 24. Nxf5 Ne6 25. d4 cxd4 26. cxd4 Nxf5 27. dxe5 Ng3 28. exf6 Nxe4 29. Qd5 1-0

[Event "XXII. DBMM Schach"]
[Site "Dresden"]
[Date "2024.01.20"]
[Round "6.3"]
[Board "3"]
[White "Poessel, Christian"]
[Black "Bluemer, Timo"]
[Result "1/2-1/2"]
[WhiteElo "2010"]
[BlackElo "1200"]
[Annotator "br"]
[PlyCount "127"]
[GameId "489223830999"]
[EventDate "2024.01.18"]
[EventType "team-swiss"]
[EventRounds "7"]
[EventCountry "GER"]
[Tiebreak "Buchholz"]
[SourceTitle "XXII. DBMM Schach"]
[Source "FV Schach e.V."]
[SourceDate "2024.01.21"]
[SourceVersion "1"]
[SourceVersionDate "2024.01.21"]
[SourceQuality "1"]
[WhiteTeam "le-tex Leipzig"]
[BlackTeam "DZ Bank Frankfurt"]
[WhiteTeamCountry "GER"]
[BlackTeamCountry "GER"]

1. d4 Nf6 2. Nf3 e6 3. c4 d5 4. Nc3 Bb4 5. cxd5 exd5 6. Bg5 h6 7. Bh4 Bf5 8. Qa4+ Nc6 9. Ne5 Bxc3+ 10. bxc3 g5 11. Bg3 O-O 12. Nxc6 Qd7 13. e3 bxc6 14. Ba6 Rab8 15. O-O Rb2 16. Qa3 Rfb8 17. Rfc1 Ne4 18. c4 Nxg3 19. hxg3 Be4 20. cxd5 Qf5 21. Rf1 Rd2 22. Rad1 Rc2 23. Rc1 Rd2 24. Rcd1 Rc2 25. Bd3 Bxd3 26. Qxd3 Qxd3 27. Rxd3 cxd5 28. Ra3 Rb7 29. g4 Kf8 30. Kh2 Ke7 31. Kg3 Kf6 32. Rb3 Rb6 33. Ra3 Rb7 34. Ra5 c6 35. f4 Rbb2 36. fxg5+ Kxg5 37. Rxa7 Rxg2+ 38. Kf3 Rh2 39. Kg3 Rbg2+ 40. Kf3 Rc2 41. Kg3 Rcg2+ 42. Kf3 Rd2 43. Rg1 Rxa2 44. Rxa2 Rxa2 45. Re1 Ra6 46. Rh1 f6 47. Rb1 f5 48. gxf5 Kxf5 49. Rb8 Ra1 50. Rf8+ Kg6 51. Rc8 Rf1+ 52. Kg3 Rf6 53. Rg8+ Kf5 54. Kf3 h5 55. Rh8 Kg5+ 56. Kg3 Re6 57. Kf3 h4 58. Rg8+ Rg6 59. Rxg6+ Kxg6 60. Kg4 h3 61. Kxh3 Kf5 62. Kg3 Ke4 63. Kf2 Kd3 64. Kf3 1/2-1/2

[Event "XXII. DBMM Schach"]
[Site "Dresden"]
[Date "2024.01.20"]
[Round "6.4"]
[Board "4"]
[White "Diehl, Stefan"]
[Black "Heinrich, Thomas"]
[Result "0-1"]
[WhiteElo "1830"]
[BlackElo "2193"]
[Annotator "br"]
[PlyCount "126"]
[GameId "489223831005"]
[EventDate "2024.01.18"]
[EventType "team-swiss"]
[EventRounds "7"]
[EventCountry "GER"]
[Tiebreak "Buchholz"]
[SourceTitle "XXII. DBMM Schach"]
[Source "FV Schach e.V."]
[SourceDate "2024.01.21"]
[SourceVersion "1"]
[SourceVersionDate "2024.01.21"]
[SourceQuality "1"]
[WhiteTeam "DZ Bank Frankfurt"]
[BlackTeam "le-tex Leipzig"]
[WhiteTeamCountry "GER"]
[BlackTeamCountry "GER"]

1. f4 Nf6 2. Nf3 c5 3. e3 e6 4. b3 b6 5. Be2 Bb7 6. O-O Qc7 7. Bb2 Be7 8. Qe1 d6 9. Nc3 a6 10. d3 Nbd7 11. Nd2 d5 12. Bf3 g6 13. e4 d4 14. Ne2 g5 15. e5 Nd5 16. Nc4 Rg8 17. f5 g4 18. Bxd5 Bxd5 19. fxe6 fxe6 20. Nf4 O-O-O 21. a4 a5 22. Bc1 Bb7 23. Qe2 Qc6 24. Bd2 Kb8 25. Nd6 Bxd6 26. exd6 e5 27. Nh5 Qxd6 28. Ng3 Qg6 29. Rae1 Rdf8 30. Ne4 Rxf1+ 31. Qxf1 Rf8 32. Qe2 h5 33. c3 h4 34. cxd4 exd4 35. Ng5 Qf5 36. Ne4 Ka7 37. Nd6 Qd5 38. Nxb7 Kxb7 39. Qxg4 Rg8 40. Qe4 Kc6 41. Qe6+ Qxe6 42. Rxe6+ Kd5 43. Rh6 Ne5 44. Rh5 Ke6 45. Kf1 Nxd3 46. Rh6+ Kd5 47. Rxb6 Re8 48. Bxa5 Ke4 49. Rh6 Ke3 50. Rxh4 Rf8+ 51. Kg1 Rb8 52. g4 Rxb3 53. g5 Nf4 54. Bd2+ Kxd2 55. Rxf4 Ke3 56. Rg4 Rb1+ 57. Kg2 d3 58. g6 d2 59. g7 Rg1+ 60. Kh3 Rxg4 61. Kxg4 d1=Q+ 62. Kg5 Qd8+ 63. Kg6 c4 0-1

[Event "XXII. DBMM Schach"]
[Site "Dresden"]
[Date "2024.01.20"]
[Round "6.1"]
[Board "1"]
[White "Seger, Ruediger"]
[Black "Koscielski, Janusz"]
[Result "1-0"]
[WhiteElo "2269"]
[BlackElo "2261"]
[Annotator "br"]
[PlyCount "71"]
[GameId "489223831007"]
[EventDate "2024.01.18"]
[EventType "team-swiss"]
[EventRounds "7"]
[EventCountry "GER"]
[Tiebreak "Buchholz"]
[SourceTitle "XXII. DBMM Schach"]
[Source "FV Schach e.V."]
[SourceDate "2024.01.21"]
[SourceVersion "1"]
[SourceVersionDate "2024.01.21"]
[SourceQuality "1"]
[WhiteTeam "Deutsche Post Bonn"]
[BlackTeam "fachpool gGmbH Herne"]
[WhiteTeamCountry "GER"]
[BlackTeamCountry "GER"]

1. e4 c6 2. d4 d5 3. Nd2 dxe4 4. Nxe4 Bf5 5. Ng3 Bg6 6. h4 h6 7. Nf3 Nd7 8. h5 Bh7 9. Bd3 Bxd3 10. Qxd3 e6 11. Bd2 Ngf6 12. O-O-O Be7 13. Kb1 Qb6 14. c4 a5 15. Ne4 a4 16. Nxf6+ Bxf6 17. Be3 Rd8 18. Qc2 a3 19. b3 Qa5 20. Bd2 Qb6 21. Bf4 Qa6 22. Rhe1 O-O 23. g4 Rfe8 24. Rg1 Qa5 25. Bd2 Qc7 26. g5 hxg5 27. Bxg5 c5 28. Bxf6 Nxf6 29. h6 g6 30. Rxg6+ fxg6 31. Qxg6+ Kf8 32. Ng5 Rd7 33. Qxf6+ Rf7 34. h7 Rxf6 35. h8=Q+ Ke7 36. Qg7+ 1-0